000 00405nam a2200157Ia 4500
008 210210b1976 xxu||||| |||| 00| 0 eng d
082 _a346.07 VYAP
100 _aVYAS (Ramkrishna R).
245 _aPrinciples of mercantile law. Ed.8
250 _a
260 _aBombay
_bN M Tripathi Pvt Ltd.
_c1976
300 _a702,xcii
650 _aMercantile law
690 _aMercantile Law
906 _aSG01263
999 _c112909
_d112909